[Event "Biel MTO op 40th"]
[Site "Biel"]
[Date "2007.07.31"]
[Round "8"]
[White "Houhou, Olivier"]
[Black "Spinedi, Luca"]
[Result "1-0"]
[WhiteElo "2319"]
[BlackElo "2155"]
[PlyCount "80"]
[EventDate "2007.07.23"]
[EventType "swiss"]
[EventRounds "11"]
[EventCountry "SUI"]
[SourceTitle "CBM 119 Extra"]
[Source "ChessBase"]
[SourceDate "2007.09.04"]
[SourceVersion "1"]
[SourceVersionDate "2007.09.04"]
[SourceQuality "1"]

1. e4 e6 2. d4 d5 3. Nc3 Bb4 4. e5 Ne7 5. Nf3 c5 6. dxc5 Nbc6 7. Bd3 Ng6 8. 0-0 Ncxe5 9. Nxe5 Nxe5 10. Bf4 Nxd3 11. Qxd3 0-0 12. Bd6 Bxc3 13. Bxf8 Bxb2 14. Rab1 Qxf8 15. Rxb2 Qxc5 16. c4 dxc4 17. Qd8+ Qf8 18. Rd1 b6 19. Qc7 Ba6 20. Rbd2 Rc8 21. Qxa7 c3 22. Rc2 Bb5 23. Rdc1 Qd8 24. Qa3 h6 25. Rxc3 Rxc3 26. Qxc3 Qd5 27. Qc2 Bd3 28. Qb3 Qxb3 29. axb3 e5 30. Rc8+ Kh7 31. f3 f5 32. Rd8 e4 33. Rd5 Kg6 34. fxe4 fxe4 35. Rd6+ Kf5 36. Rxb6 e3 37. Rb4 Ke5 38. g3 Kd5 39. Kg2 Be2 40. Rf4 Kc5 1-0